000 01133nam a2200289 i 4500
001 000038830
003 DO-SdBNP
005 20260523230708.0
007 ta
008 130426s1994 dr a 000 0 spa d
040 _aDO-SdBNP
_bspa
_cBNPHU
_erda
082 4 _a972.9305
_bC436g
_223
100 1 _aChaljub Mejía, Rafael
_d1942-
_eautor
_4aut.
_918985
245 1 3 _aLa guerrilla del decoro :
_bmemorias /
_cRafael Chaljub Mejía.
264 4 _aSanto Domingo :
_bEditora Taller,
_c1994
300 _a357 páginas :
_bilustraciones ;
_c21 cm
336 _atexto
_btxt
_2rdacontent
337 _asin mediación
_bn
_2rdamedia
338 _avolumen
_bnc
_2rdacarrier
500 _aIncluye datos biográficos en la solapa de la cubierta
590 _aInventariado, 2024/BT
600 7 _2Lemb
_aChaljub Mejía, Rafael
_vBiografía
_zRepública Dominicana
_989706
650 7 _2Lemb
_aGuerrillas
_xHistoria
_y1961-1965
_zRepública Dominicana
_989707
650 7 _2Lemb
_aGuerrillas
_vBiografía
_zRepública Dominicana
_989708
650 7 _2Lemb
_aPartidos Comunistas
_xHistoria
_y1961-1965
_zRepública Dominicana
_989709
942 _2ddc
_cLBS1
_e23
999 _c38320
_d38320